01783nam a2200313 a 4500001001000000005001700010008004100027041000800068044000700076084002300083100003200106245018700138260001900325300002700344500006500371500026200436500014000698500010000838500008600938500004801024500002901072506009301101546005101194600004201245650004301287651006001330700004901390700003001439BRCA_511220190320204938.0191110s1861----mx-######v---#000-0#spa-# aspa amx aDOC111b.J83c18611 aJuárez, Benitod1806-187210aDocumento firmado por Don Benito Juárez y Don [Ignacio Manuel Altamirano] dirigido a Don Eduardo de GoroztizacBenito Juárez ; [Ignacio Manuel Altamirano] ; Eduardo de Goroztiza. aMéxicoc1861 a[3] fojasc42 x 28 cm. aDocumento firmado en Palacio Nacional el 7 de abril de 1861. aDocumento firmado por [Manuel Altamirano] y Benito Juárez, Presidente Interino Constitucional de la República, confiriendo el empleo de Jefe de la Sección de América del Ministerio de Relaciones Exteriores y Gobernación al C. Eduardo de Goroztiza. aContiene escudo nacional mexicano y lema: ´Primera CLASE. Sello Tercero. 8 Pesos. AÑOS DE MIL OCHOCIENTOS SESENTA Y SESENTA Y UNO´. aContiene restos de sello de placa con el escudo nacional mexicano al margen inferior izquierdo. aDocumento firmado por [Ignacio Manuel Altamirano] bajo el seudonimo de ´Zarco´. aEl documento contiene la leyenda DOC. #275. aPapel con marca de agua.0 aFondo Reservado. Para su consulta es necesario credencial de usuario y carta de motivos. aTexto en: español de mediados del siglo XIX.14aJuárez, Benitod1806-1872xHistoria14aDocumentos legalesvImpresosxHistoria 4aMéxicoxHistoriayConstitución y reforma, 1855-18631 aAltamirano, Ignacio ManuelcZarcod1834-18391 aGoroztiza Eduardod1815-?